Normal view
MARC view
- Loney K; Mrs. Saraf, Donor & Bryla B
Entry Personal Name
001 - CONTROL NUMBER
- control field: 115999
003 - CONTROL NUMBER IDENTIFIER
- control field: OSt
005 - DATE AND TIME OF LATEST TRANSACTION
- control field: 20230125045115.0
008 - FIXED-LENGTH DATA ELEMENTS
- fixed length control field: 230125|| aca||aabn | a|a d
040 ## - CATALOGING SOURCE
- Original cataloging agency: OSt
- Transcribing agency: OSt
100 ## - HEADING--PERSONAL NAME
- Personal name: Loney K; Mrs. Saraf, Donor & Bryla B
670 ## - SOURCE DATA FOUND
- Source citation: Work cat.: (OSt)93723: Loney K 111863, Oracle Database 10g DBA Handbook, 2006